Dobrovoľní strážcovia poriadku v obci

Novela zákona o Policajnom zbore sa zaoberá aj vzťahom k samospráve (novelizovaný zákon č. 490/2001 Z.z.). Verejný poriadok. Výmena informácií. Základ dobrovoľnosti. Pôsobnosť obce.

Salvato in:
Dettagli Bibliografici
Autore principale: Thurzo, Alexander
Natura: Capitolo di libro
Lingua:slovacco
Soggetti:
Tags: Aggiungi Tag
Nessun Tag, puoi essere il primo ad aggiungerne!!

MARC

LEADER 00000naa a2200000 4500
001 r046673
005 20230927092103.9
041 0 |a slo 
044 |a SK 
245 1 0 |a Dobrovoľní strážcovia poriadku v obci  |c Alexander Thurzo 
520 |a Novela zákona o Policajnom zbore sa zaoberá aj vzťahom k samospráve (novelizovaný zákon č. 490/2001 Z.z.). Verejný poriadok. Výmena informácií. Základ dobrovoľnosti. Pôsobnosť obce. 
610 2 0 |a polícia 
610 2 0 |a zákony 
610 2 0 |a novelizácia 
610 2 0 |a samospráva 
610 2 0 |a obce 
610 2 0 |a informácie 
100 1 |a Thurzo, Alexander